000 01030nam a22002537a 4500
008 081210t xxu||||| |||| 00| 0 eng d
010 _aENG-92079
020 _a0230633684
_c485.00
020 _a9780230633681
_c485.00
035 _aEN-75612
037 _bDBAD / PUB
040 _adpl
_bEnglish
082 _a371.20095441
100 _aMajumdar, S.B.
_q(Shantaram Balwant),1935-
245 _aSymbiosis:
_bbiography of an idea /
_cby S.B. Muumdar
260 _aNew Delhi
_bMacmillan
_c2007
270 _a2/10, Ansar Road, Daryaganj,
_bNew Delhi
_e110002
300 _axi, 308p.:
_bill.; col. photos
_c24cm (Hb)
500 _aIncludes index
610 _a Symbiosis (Organization : Pune, India)
_xHistory.
650 _aSchool management and organization
_zIndia
_zPune Region.
942 _2ddc
_cEN
_mMUJ
_h371.20095441
999 _c19627
_d19627